The art of a lawyer : (Record no. 91689)

MARC details
000 -LEADER
fixed length control field 00799nam a22002297a 4500
005 - DATE AND TIME OF LATEST TRANSACTION
control field 20150323112717.0
010 ## - LCCN (DPL NO)
LC control number ENG-112216
020 ## - INTERNATIONAL STANDARD BOOK NUMBER
International Standard Book Number 9789350354407
Terms of availability 1150.00
035 ## - SYSTEM CONTROL NUMBER
System control number EN-95748
037 ## - SOURCE OF ACQUISITION
Source of stock number/acquisition DBAD/PUB
082 ## - DEWEY DECIMAL CLASSIFICATION NUMBER
Classification number 347.9954
100 ## - MAIN ENTRY--PERSONAL NAME
Personal name Malik, B.
245 ## - TITLE STATEMENT
Title The art of a lawyer :
Remainder of title cross examination, advocacy, courtmanship /
Statement of responsibility, etc by B.Malik ; foreworded by M. Hidayatullah
250 ## - EDITION STATEMENT
Edition statement 11th ed with commentary on the art of cross examination by M. Monir
260 ## - PUBLICATION, DISTRIBUTION, ETC. (IMPRINT)
Place of publication, distribution, etc Delhi
Name of publisher, distributor, etc Universal Law Publishing
Date of publication, distribution, etc 2014
270 ## - ADDRESS
Address A-58, G.T. Karnal Road Industrial Area,
City Delhi
Postal code 110033
300 ## - PHYSICAL DESCRIPTION
Extent xv,1018p.
Dimensions 25cm(Hb)
500 ## - GENERAL NOTE
General note Includes index
650 ## - SUBJECT ADDED ENTRY--TOPICAL TERM
Topical term or geographic name as entry element Trial practice
Geographic subdivision India.
650 ## - SUBJECT ADDED ENTRY--TOPICAL TERM
Topical term or geographic name as entry element Practice of law
Geographic subdivision India.
942 ## - ADDED ENTRY ELEMENTS (KOHA)
Source of classification or shelving scheme Dewey Decimal Classification
Item type English Books
Call number suffix MAL
Classification part 347.9954
Holdings
Withdrawn status Lost status Not for loan Collection code Home library Current library Date acquired Source of acquisition Cost, normal purchase price Full call number Barcode Copy number Cost, replacement price Koha item type
    Not For Loan Non-fiction D.B.Act.Division D.B.Act.Division 23/02/2015 DBAD/PUB 1150.00 347.9954 MAL EN-95748 1 1150.00 English Books

© Delhi Public Library
Hit Counter
free hit counter